<?xml version="1.0" encoding="UTF-8"?>
<collection xmlns="http://www.loc.gov/MARC21/slim">
    <record>
        <controlfield tag="001">45726</controlfield>
        <controlfield tag="005">20170831220521.0</controlfield>
        <datafield tag="037" ind1=" " ind2=" ">
            <subfield code="a">GDOC-2010-1134</subfield>
        </datafield>
        <datafield tag="041" ind1=" " ind2=" ">
            <subfield code="a">spa</subfield>
        </datafield>
        <datafield tag="100" ind1=" " ind2=" ">
            <subfield code="0">(orcid)0000-0003-2242-6822</subfield>
            <subfield code="a">Peña Torre, José Ignacio</subfield>
        </datafield>
        <datafield tag="245" ind1="0" ind2="0">
            <subfield code="9">66406</subfield>
            <subfield code="a">Fundamentos y estructura de materiales estructurales y fluidos</subfield>
        </datafield>
        <datafield tag="260" ind1=" " ind2=" ">
            <subfield code="a">Zaragoza</subfield>
            <subfield code="b">Universidad de Zaragoza</subfield>
            <subfield code="c">2010-2011</subfield>
        </datafield>
        <datafield tag="520" ind1=" " ind2=" ">
            <subfield code="a">La asignatura consta de 6 créditos ECTS o 150 horas de trabajo del alumno, que se desglosarán en 48 h de clases de teoría,12 horas prácticas y 90 horas de trabajo personal del alumno. Se trata de un curso teórico-práctico en el que se aplica una metodología en la que se potencia la participación del alumno a través de la realización de prácticas en laboratorio, discusiones en las clases de pizarra y trabajos en grupo. La asignatura comienza describiendo la materia, desde la estructura atómica, pasando por el tipo de enlaces y el ordenamiento atómico. La fortaleza de los enlaces y sus características determinan las propiedades de los sólidos. A continuación se describe la microestructura de un sólido: fases presentes, forma de esas fases, distribución, defectos, etc y cómo la microestructura condiciona ciertas propiedades de los materiales.  Se revisan algunos métodos de modificación microestructural y las características más importantes de los principales tipos de materiales usados en aplicaciones estructurales. Se muestra la forma de seleccionar el material más apropiado para determinadas aplicaciones estructurales. En la parte dedicada a la descripción de los fluidos a nivel molecular, se hace especial hincapié en la física de las ecuaciones de Navier-Stokes y cómo a partir de un tratamiento estadístico de las velocidades moleculares se pueden calcular las fuerzas de interacción con paredes sólidas y los esfuerzos internos propios del movimiento de la partícula.</subfield>
        </datafield>
        <datafield tag="521" ind1=" " ind2=" ">
            <subfield code="9">653</subfield>
            <subfield code="a">Máster Universitario en Mecánica Aplicada</subfield>
        </datafield>
        <datafield tag="540" ind1=" " ind2=" ">
            <subfield code="a">by-nc-sa</subfield>
            <subfield code="b">Creative Commons</subfield>
            <subfield code="c">3.0</subfield>
            <subfield code="u">http://creativecommons.org/licenses/by-nc-sa/3.0/</subfield>
        </datafield>
        <datafield tag="700" ind1=" " ind2=" ">
            <subfield code="0">(orcid)0000-0003-3675-9150</subfield>
            <subfield code="a">Villellas Malo, Anselmo Javier</subfield>
        </datafield>
        <datafield tag="700" ind1=" " ind2=" ">
            <subfield code="0">(orcid)0000-0003-1161-7893</subfield>
            <subfield code="a">Pascau Benito, Antonio María</subfield>
        </datafield>
        <datafield tag="830" ind1=" " ind2=" ">
            <subfield code="9">325</subfield>
        </datafield>
        <datafield tag="856" ind1="4" ind2=" ">
            <subfield code="s">81259</subfield>
            <subfield code="u">http://zaguan.unizar.es/record/45726/files/guia.pdf</subfield>
            <subfield code="y">Guía (idioma español)</subfield>
        </datafield>
        <datafield tag="980" ind1=" " ind2=" ">
            <subfield code="a">GDOC</subfield>
            <subfield code="b">Ingeniería y Arquitectura</subfield>
            <subfield code="c">106</subfield>
        </datafield>
    </record>

    
</collection>